000 01270cam a2200349 4500
001 191492
003 SpMaBN
005 20250903075124.0
008 220926s1991 sp | |||| ||spa d
016 7 _abimoBNE19930782300
_zSIC92018494 [
_2SpMaBN]
017 _aGR 1595-1991
_bOficina Depósito Legal Granada
020 _a84-7933-037-6
035 _a(OCoLC)50915109
040 _aSpMaBN
_bspa
_cSIC
080 _a025.3
100 1 _aRamos Fajardo, Carmen.
_9175274
245 1 0 _aManual práctico de catalogación :
_bmonografías, seriadas y fondos especiales /
_cCarmen Ramos Fajardo, Maria Jose Ariza Rubio, Manuela Reina de la Torre ; Dirección Maria Pinto Molina.
250 _a2ª ed.
260 _aGranada :
_bImpredisur,
_c1991.
300 _a387 p. :
_bIl. ;
_c30 cm.
490 1 _aDocumenta ;
_v0
500 _aIndice analítico por capítulos.
500 _aGlosario.
504 _aBibliografía: p. 385-387.
650 0 7 _aCatalogación bibliográfica
_2embne
_910838
700 1 _aAriza Rubio, María José.
_9175275
700 1 _aReina de la Torre, Manuela.
_9175276
700 1 _aPinto Molina, María.
_992233
830 0 _aDocumenta (Impredisur) ;
_v0.
_9226031
852 _aES-MaACL
_j025.31 RAM man
999 _c191492
_d191492